A prophylactick from disloyalty in these perilous times : in a letter to the Right Honourable, and Right Reverend Father in God, Herbert, by Divine Providence Lord Bishop of Hereford : to which (at some distance) will be added a short discourse upon the anchor of the soul of the said Lord Bishop.

Bibliographic Details
Main Author: Pierce, Thomas, 1622-1691
Format: Microform Book
Language:English
Series:Early English books, 1641-1700 ; 574:17.
Subjects:

MARC

Tag First Indicator Second Indicator Subfields
LEADER 00000cam a2200000 a 4500
001 in00000961908
005 20150926142113.0
007 hd afv|||baca
008 850513s1688 miu a 00000 eng d
035 |a (OCoLC)12029802 
035 |9 AEU5342AM 
037 |a CL0037000016  |b UMI 
037 |b University Microfilms International, 300 N. Zeeb Rd., Ann Arbor, MI 48106 
040 |a EAA  |c EAA  |d m/c  |d UtOrBLW 
049 |a TXAI 
099 |a film   |a  B   |a  3609 
100 1 |a Pierce, Thomas,  |d 1622-1691. 
245 1 2 |a A prophylactick from disloyalty in these perilous times :  |b in a letter to the Right Honourable, and Right Reverend Father in God, Herbert, by Divine Providence Lord Bishop of Hereford : to which (at some distance) will be added a short discourse upon the anchor of the soul of the said Lord Bishop. 
264 3 |a London :  |b Printed for Randall Taylor ...,  |c 1688. 
300 |a 2 unnumbered pages, 6 pages 
336 |a text  |b txt  |2 rdacontent 
337 |a microform  |b h  |2 rdamedia 
338 |a microfilm reel  |b hd  |2 rdacarrier 
500 |a Signed at end: Theophilus Philobasileus. 
500 |a Reproduction of original in Union Theological Seminary Library, New York. 
510 4 |a Wing  |c P2195 
533 |a Microfilm.  |b Ann Arbor, Mich. :  |c University Microfilms,  |d 1975.  |e 1 microfilm reel ; 35 mm.  |f (Early English books, 1641-1700; 574:17) 
500 |a Microform. 
600 1 0 |a Croft, Herbert,  |d 1603-1691.  |t Short discourse, concerning the reading His Majesty's late declaration in the churches. 
830 0 |a Early English books, 1641-1700 ;  |v 574:17. 
999 |a MARS 
999 f f |s 5d2643cb-e613-30c7-8faa-70d236d957be  |i 9572f052-7465-32e0-9dc1-ef84f260f592  |t 0 
952 f f |p default  |a Texas A&M University  |b College Station  |c Sterling C. Evans Library  |d Evans: Microforms (3rd floor)  |t 0  |e film B 3609 574:17  |h Other scheme  |i microform -- microfilm reel 
998 f f |a film B 3609 574:17  |t 0  |l Evans: Microforms (3rd floor)